| 000 | 00511nam a2200181Ia 4500 | ||
|---|---|---|---|
| 003 | OSt | ||
| 005 | 20250117141244.0 | ||
| 008 | 210210b1961 xxu||||| |||| 00| 0 eng d | ||
| 040 | _cAL | ||
| 041 | _akan | ||
| 082 | _a859/120 | ||
| 100 |
_aKRASHNARAYA (A N) _9148419 _dಕೃಷ್ಣರಾಯ (ಅ ನ ಕೃ). |
||
| 245 |
_aAliya ramaraya-9: _bಅಳಿಯ ರಾಮರಾಯ 9 |
||
| 260 |
_aBengaluru _bStandard Book Dipo _c1961 |
||
| 690 |
_aKannada Fiction _9148420 |
||
| 906 | _a020902 | ||
| 942 |
_2ddc _cBK |
||
| 999 |
_c145059 _d145059 |
||